| 000 | nam a22 a 4500 | ||
|---|---|---|---|
| 999 |
_c171352 _d171352 |
||
| 003 | BLK | ||
| 005 | 20220914122458.0 | ||
| 008 | 180411b bul|||||r ||||||| ||bul|| | ||
| 010 | _aKNG00179615000 | ||
| 040 | _aBLK | ||
| 041 |
_aBUL _cBUL |
||
| 080 |
_aОбщо животновъдство. Развъждане на бозайници и птици. Скотовъдство. Домашни животни и тяхното развъж _b636 _x(02.062) _z636(02.062) |
||
| 080 |
_aЛов. Рибно стопанство. Риболов _b639 _x(02.062) _z639(02.062) |
||
| 080 |
_aМляко, месо и др. продукти на животновъдството _b637 _x(02.062) _z637(02.062) |
||
| 100 | 1 |
_aВасилев, Михаил Василевич _eпърви автор _9288779 |
|
| 139 |
_aВасилев, Михаил Василевич _bВ 24 |
||
| 245 | 1 | 0 |
_aЖивотните и човекът _bНауч.-попул. очерк _cМихаил Василевич Василев; прев. от рус. Николай Йовчев; прев. от рус. Петър Проданов; ил. Петър Кръстев. |
| 257 | _aSUN | ||
| 260 |
_bЗемиздат _c1974 _aСофия |
||
| 300 |
_a367 с. _bс ил., 16 л. ил. _c21 см |
||
| 380 | _a63 | ||
| 500 | _aОриг. загл. Животные и человек. - 12 100 тир. - Животинският свят и значението на животновъдството, лова и риболова за живота на човека. | ||
| 650 | 4 |
_aЖивотни - популярна литература _9253184 |
|
| 650 | 4 |
_aЖивотински продукти _9302149 |
|
| 653 | _aживотни | ||
| 700 | 1 |
_aЙовчев, Николай _eпрев. от рус. _gНиколов, Николай Йовчев _9376259 |
|
| 700 | 1 |
_aПроданов, Петър _eпрев. от рус. _9370627 |
|
| 700 | 1 |
_aКръстев, Петър _eил. _9367239 |
|
| 852 |
_aЦб 74056 _bЦб |
||
| 856 | 4 | _qpdf | |
| 856 | 4 | _qpdf | |
| 942 |
_cKNG _n0 _s1 |
||
| 944 |
_aCR _c12.08.2015 _kКети_Илиева |
||
| 944 |
_aED _c27.09.2017 _kВася_Ганчева |
||
| 999 | _d171352 | ||